Shamshīr-i sitam. (Record no. 65270)

MARC details
000 -LEADER
fixed length control field 00520cam a22002171 4500
001 - CONTROL NUMBER
control field sa 65007646
003 - CONTROL NUMBER IDENTIFIER
control field DLC
005 - DATE AND TIME OF LATEST TRANSACTION
control field 20260227112150.0
008 - FIXED-LENGTH DATA ELEMENTS--GENERAL INFORMATION
fixed length control field 890227s1964 xx 000 0 urd
010 ## - LIBRARY OF CONGRESS CONTROL NUMBER
LC control number sa 65007646
035 ## - SYSTEM CONTROL NUMBER
System control number (OCoLC)23580086
040 ## - CATALOGING SOURCE
Original cataloging agency DLC
Transcribing agency MiU
Modifying agency DLC
042 ## - AUTHENTICATION CODE
Authentication code premarc
050 00 - LIBRARY OF CONGRESS CALL NUMBER
Classification number PK2200.A7
Item number S53
100 1# - MAIN ENTRY--PERSONAL NAME
Personal name Aslam, Muhammad,
Dates associated with a name 1885-
245 10 - TITLE STATEMENT
Title Shamshīr-i sitam.
260 ## - PUBLICATION, DISTRIBUTION, ETC.
Date of publication, distribution, etc. [1964]
300 ## - PHYSICAL DESCRIPTION
Extent 400 p.
Dimensions 19 cm.
500 ## - GENERAL NOTE
General note In Urdu.
500 ## - GENERAL NOTE
General note Text partially vocalized.

No items available.

Powered by Koha